|
|
|
|
| LEADER |
01440nam a2200409 4500 |
| 001 |
DLU100106237 |
| 005 |
##20100413 |
| 008 |
##030724s2002 njua b 101 0 eng d |
| 010 |
# |
# |
|a 2003545487
|
| 020 |
# |
# |
|a 9812382356
|
| 035 |
# |
# |
|a (OCoLC)ocm51815109
|
| 040 |
# |
# |
|a NAG
|c NAG
|d DLC
|
| 042 |
# |
# |
|a lccopycat
|
| 050 |
# |
# |
|a TA418.9.S62
|b I53 2001
|
| 082 |
# |
# |
|a 620.11
|b Mat
|
| 111 |
# |
# |
|a INdAM Meeting Mathematical Models and Methods for Smart Materials
|d (2001 :
|c Cortona, Italy)
|
| 245 |
# |
# |
|a Mathematical models and methods for smart materials :
|b Cortona, Italy, 25-29 June 2001 /
|c editors, Mauro Fabrizio, Barbara Lazzari, Angelo Morro.
|
| 260 |
# |
# |
|a River Edge, N.J. :
|b World Scientific,
|c c2002.
|
| 300 |
# |
# |
|a xv, 374 p. :
|b ill. ;
|c 24 cm.
|
| 440 |
# |
# |
|a Series on advances in mathematics for applied sciences ;
|v vol. 62
|
| 504 |
# |
# |
|a Includes bibliographical references.
|
| 650 |
# |
# |
|a Smart materials
|x Mathematical models
|v Congresses.
|
| 700 |
# |
# |
|a Fabrizio, Mauro,
|d 1940-
|
| 700 |
# |
# |
|a Lazzari, Barbara.
|
| 700 |
# |
# |
|a Morro, Angelo,
|d 1946-
|
| 710 |
# |
# |
|a Istituto nazionale di alta matematica (Italy)
|
| 856 |
# |
# |
|3 Table of contents
|u http://www.loc.gov/catdir/toc/fy051/2003545487.html
|
| 923 |
# |
# |
|a 02/2010
|
| 992 |
# |
# |
|a 14960
|
| 994 |
# |
# |
|a DLU
|
| 900 |
# |
# |
|a True
|
| 911 |
# |
# |
|a Đào Thị Thu Huyền
|
| 925 |
# |
# |
|a G
|
| 926 |
# |
# |
|a A
|
| 927 |
# |
# |
|a SH
|
| 980 |
# |
# |
|a Thư viện Trường Đại học Đà Lạt
|